000 03058nam a2200229Ia 4500
003 OSt
005 20210519175517.0
008 210310s1994 sp ad gr 000 0 spa d
040 _aCO-JMCR
_cCO-JMCR
041 0 _aspa
082 0 4 _a330.98 /
_bM665i
_223
110 2 _aEspaña :
_bMinisterio de Comercio Exterior
_937694
245 1 0 _aIntegración, desarrollo económico competitividad
_cMinisterio de Comercio Exterior ; compilador, Jaime Acosta Puertas
260 _aEspaña :
_bCreset,
_c1994.
300 _a232 páginas :
_bilustraciones y gráficas en blanco y negro ;
_c21 cm.
505 _tAmbiente de incertidumbre. /
_rBelisario Betancur. --
_tFactores de la integración y de la competitividad. /
_rJuan Manuel Santos. --
_tIndoamérica y la integración. /
_rOtto Morales Benítez. --
_tRecursos para el desarrollo regional. /
_rAlonso Caballero.--
_tLa comunidad europea: presente y futuro. /
_rAndrew Scott. --
_tLos componentes políticos de la integración. /
_rJuan Tokatlian. --
_tTratado norteamericano de Libre Comercio: el debate y la alternativa. /
_rAdolfo Aguilar. --
_tReflexiones en torno a la integración regional. /
_rJuan José Echavarría. --
_tMercosur: experiencia reciente y perspectivas para el futuro. /
_rRoberto Bouzas. --
_tReflexiones acerca del Mercosur y el Grupo Andino como procesos recientes de integración económica. /
_rMaría del Pilar Esguerra. --
_tEl modelo Macro-económico latinoamericano y las nuevas dimensiones de la integración. /
_rAlicia Puyana.--
_tNeoliberalismo sin desarrollo. /
_rAntonio Urdinola. --
_tLa articulación de sistema ciencia-tecnología- industria en la estrategia del desarrollo de la integración internacional. /
_rJesús Sebastián. --
_tLa importancia de la ciencia y la tecnología en las sociedades abiertas. /
_rJosé Luis Villaveces. --
_tLas exportaciones de Colombia y del mundo: tendencias y rupturas. Reflexiones para una estrategia exportadora de largo plazo. /
_rJaime Acosta Puertas. --
_tComercio internacional y prospectiva. /
_rLuis Mauricio Cuervo. --
_tFactores estructurales de la competitividad internacional. /
_rMichael Fairbanks. --
_tInnovación, transición y concertación: factores estructurales para mejorar la competitividad del país./
_rJorge Ramírez Ocampo. --
_tLa competitividad factor esencial de la internacionalización y la integración. /
_rCarlos Alberto Garay. --
_tConcertación para la apertura. /
_rJuana María Unda. --
_tLa industria gráfica, ante el reto de la integración y la internacionalización. /
_rJosé Granada. --
_tintegración política industrial y competitividad. /
_rLuis Gustavo Flores. --
_tLos gremios económicos ante los desafíos futuros de la internacionalización. /
_rAndrés de la Espriella. --
_tLa internacionalización: un proceso de largo plazo. /
_rCamilo Peñaloza Londoño.
650 1 4 _aDesarrollo económico.
_926240
650 2 4 _aGremios económicos
_937695
650 2 4 _aIntegración internacional.
_937696
700 1 _aAcosta Puertas, Jaime,
_eCoordinador
_925790
942 _2ddc
_cBK
999 _c11705
_d11705